Responses for show #7028 - Wednesday, March 18, 2015

Kristin Sausville game 6.

Contestants

Andrea Keleher, a medical records coder from Denver, Colorado

Daniel Watkins, a music teacher from Fort Worth, Texas

Kristin Sausville, a stay-at-home mom from Newark, Delaware (whose 5-day cash winnings total $94,201)

Jeopardy! Round responses

WHO'S DRIVING THIS THING?!
WORDS BORROWED FROM INDIA
LAND "HO"!
INTERNATIONAL CRIME DICTIONARY
BAR SOAP
LAUGHABLE TELEVISION
    $200 21
pajamas

Kristin
    $200 7
(Kristin: What is Delaware?)

Rhode Island

KristinDaniel
    $200 18
handcuffs

Daniel
    $200 1
Jersey Shore

Kristin
    $400 14
Clyde Barrow

Kristin
    $400 10
a typhoon

Andrea
    $400 8
Ho Chi Minh City

Kristin
    $400 17
an aircraft hijacking

Kristin
    $400 5
Irish Spring

Kristin
    $400 2
Arrested Development

Kristin
    $600 25
(Kristin: Who is Hearst?)

Howard Hughes

KristinAndrea
    $600 11
shampoo

Kristin
    $600 9
Czechoslovakia

Daniel
    $600 19
nick

Triple Stumper
    $600 16
Ivory soap

Daniel
    $600 3
Justin Bieber

Kristin
    $800 24
Casey Jones

Andrea
    $800 15
Nirvana

Andrea
    $800 12
Hoboken

Kristin
    $800 20
(Kristin: What is a grandmother?)

an aunt

KristinDaniel
    $800 27
[The end-of-round signal sounds.]

Dial

Kristin
    $800 4
Stefon

Daniel
    $1000 26
(Andrea: Who is Sullivan?)

(Sully) Sullenberger

KristinAndrea
    $1000 22
pariah

Andrea
    $1000 13
Hokkaido

Daniel
    $1000 23
(Alex: With a minute to go.)

cosa nostra

Daniel
    $1000 6
Key & Peele

Kristin

Scores at the first commercial break (after clue 15):

Kristin Daniel Andrea
$4,600 $2,600 $1,200

Scores at the end of the Jeopardy! Round:

Kristin Daniel Andrea
$5,600 $5,200 $2,600

Double Jeopardy! Round responses

TRUE CRIMEA
DOCUMENTS
WHEN VILLAINS SING
DOGGIE CARE
BOOKS OF THE YEAR
WORDS TO "DI" FOR
    $400 9
[Alex reads "SSR" as "Soviet Socialist Republic".]

Ukraine

Kristin
    $400 22
(Alex: Yes, with a minute left.)

a petition

Kristin
    $400 3
dentistry

Daniel
    $400 23
The Big Sleep

Kristin
    $400 15
diapers

Andrea
    $800 10
Greece

Kristin
    $800 8
car insurance

Kristin
    $800 4
Tangled

Kristin
    $800 24
(Kristin: What is the Oxford English Dictionary?)

Encyclopedia Britannica

KristinDaniel
    $800 17
(Andrea: What is divert?)

diverge

DanielAndrea
    $1,800 11
(Kristin: Who is... Thatcher?)
(Alex: No. [Chuckles] No, not Margaret Thatcher. [*], a reference to the Crimean War. So you're still in the lead, but the margin is a lot smaller. Go again.)

Florence Nightingale

Kristin
    $1200 18
(Andrea: Uh, what are tourist visas?)
(Daniel: What are passports?)

exit visas

DanielAndrea
Triple Stumper
    $1200 5
(Daniel: What is Pippin?)

The Little Prince

Daniel
Triple Stumper
    $1200 14
the stomach

Kristin
    $1200 1
Dubliners

Andrea
    $1600 12
the Golden Horde

Andrea
    $1600 19
a living will

Kristin
    $1600 6
Gaston

Daniel
    $1600 16
breed

Kristin
    $1600 2
The Bell Jar

Kristin
    $1600 25
a diuretic

Andrea
    $2000 21
(Daniel: What is Odessa?)

Sevastopol

Daniel
Triple Stumper
    $1,400 20
(Kristin: What is... understanding memorandum?)

blank check (or carte blanche)

Kristin
    $2000 7
Dr. Horrible

Daniel
    $2000 27
[The end-of-round signal sounds.]

mange

Andrea
    $2000 13
(Kristin: Who is Golding?)

(William) Gibson

KristinAndrea
    $2000 26
a dichotomy

Triple Stumper

Scores at the end of the Double Jeopardy! Round:

Kristin Daniel Andrea
$9,200 $6,400 $9,400

[wagering suggestions for these scores]

Final Jeopardy! Round responses

COMPOSERS
(Alex: [To Daniel] You got 'em both, way to go. Music teacher, all right. Pays off.)
...
(Alex: [To Kristin] She got Bach, but Brahms was a lot later.)
DanielWho are J.S. Bach & G.F. Handel?
$6,400
KristinWho are J.S. Bach and Brahms?
$3,601
AndreaWho are J.S. Bach Bach & + Handel?
$9,205
Johann Sebastian Bach & George Frederic Handel

Final scores:

Kristin Daniel Andrea
$5,599 $12,800 $18,605
3rd place: $1,000 2nd place: $2,000 New champion: $18,605

Game dynamics:

Coryat scores:

Kristin Daniel Andrea
$12,400 $6,400 $9,400
23 R
(including 1 DD),
7 W
(including 2 DDs)
13 R,
3 W
11 R,
3 W

Combined Coryat: $28,200

The J! Archive is created by fans, for fans. The Jeopardy! game show and all elements thereof, including but not limited to copyright and trademark thereto, are the property of Jeopardy Productions, Inc. and are protected under law. This website is not affiliated with, sponsored by, or operated by Jeopardy Productions, Inc. Join the discussion at JBoard.tv.